Т. 1. Книга 2: 1920 - 1925; Литература русского зарубежья; О декабристах; О графе Льве Николаевиче Толстом; Февраль и Октябрь; Петербургские дневники; Иван Бунин. Роза Иерихона; Марина Цветаева

Bibliographische Detailangaben
Parent link:Литература русского зарубежья: антология: в 6 т./ науч. ред. А. Л. Афанасьев; сост. В. В. Лавров. Т. 1. Книга 2: 1920 - 1925.— , 1990.— 5-212-00444-6
Sprache:Russisch
Veröffentlicht: 1990
TOC:С. Волконский, О декабристах;
И. Е. Репин, О графе Льве Николаевиче Толстом;
А. Ф. Керенский, Февраль и Октябрь;
З. Н. Гиппиус, Петербургские дневники;
М. Цетлин, Иван Бунин. Роза Иерихона;
К. Д. Бальмонт, Марина Цветаева;
Schlagworte:
Format: MixedMaterials Buch
KOHA link:https://koha.lib.tpu.ru/cgi-bin/koha/opac-detail.pl?biblionumber=114891

MARC

LEADER 00000nam2a2200000 4500
001 114891
005 20231031122407.0
010 |a 5212004438 
020 |a RU  |b 91-49406 
035 |a (RuTPU)RU\TPU\book\124248 
035 |a RU\TPU\book\124247 
090 |a 114891 
100 |a 20070427g1990 m y0rusy5003 ca 
101 0 |a rus 
102 |a RU 
105 |a a z 001zy 
200 0 |a Т. 1. Книга 2: 1920 - 1925 
210 |d 1990 
215 |e (ил.)  |a 430 с. 
320 |a Именной указатель: с. 387-398. 
461 1 |0 (RuTPU)RU\TPU\book\124244  |y 5-212-00444-6  |t Литература русского зарубежья  |o антология: в 6 т.  |f науч. ред. А. Л. Афанасьев; сост. В. В. Лавров  |v Т. 1. Книга 2: 1920 - 1925  |d 1990  |s Русское зарубежье 
464 |t О декабристах  |f С. Волконский 
464 |t О графе Льве Николаевиче Толстом  |f И. Е. Репин 
464 |t Февраль и Октябрь  |f А. Ф. Керенский 
464 |t Петербургские дневники  |f З. Н. Гиппиус 
464 |t Иван Бунин. Роза Иерихона  |f М. Цетлин 
464 |t Марина Цветаева  |f К. Д. Бальмонт 
600 1 |a Толстой  |g Лев Николаевич  |f 1829-1910  |c граф  |c русский писатель  |c член-корреспондент, почетный академик Петербургской АН  |b Л. Н.  |2 stltpush  |3 (RuTPU)RU\TPU\pers\497 
600 1 |a Бунин  |g Иван Алексеевич  |b И. А.  |c русский писатель  |f 1870-1953  |c нобелевский лауреат (1933)  |2 stltpush  |3 (RuTPU)RU\TPU\pers\99 
600 1 |a Цветаева  |g Марина Ивановна  |b М. И.  |f 1892-1941  |c русская поэтесса  |2 stltpush  |3 (RuTPU)RU\TPU\pers\130 
610 1 |a русская литература 
610 1 |a мемуары 
610 1 |a критика 
675 |a Р1  |z rus  |v 3 
801 0 |a RU  |b RuMRKP  |c 19950417  |g psbo 
801 1 |a RU  |b 63413507  |c 20070427  |g PSBO 
801 2 |a RU  |b 63413507  |c 20070828  |g PSBO 
942 |c BK